Statistics for Video Games Bosses #1

Click here to take the quiz!

General Stats

  • This quiz has been taken 42 times
  • The average score is 4 of 15

Answer Stats

BossGame% Correct
M.BisonStreet Fighter
81%
DraculaCastlevania
78%
TabuuSuper smash bros/ brawl
52%
The Lich KingWorld of Warcraft Wrath of the Lich King
48%
Ornstein & SmoughDark Souls
41%
The EndMetal Gear Solid 3
33%
OnagaMortal Kombat : Deception
30%
ThanatosKid Icarus : Uprising
19%
Red the DragonSpyro : A Hero's Tail
15%
Bjørn the BehemooseDragon quest 5
11%
Dark RavenBilly hatcher and the Giant Egg
7%
GenesisInazuma eleven 2
7%
IppondataraMuramasa : The Demon Blade
7%
Purple EyePokemon ranger 3
7%
Akkila OrkhanWarriors of fate
7%

Score Distribution

Percentile by Number Answered

Percent of People with Each Score

Your Score History

You have not taken this quiz